| 000 | 00462nam a2200169Ia 4500 | ||
|---|---|---|---|
| 008 | 120712t2010 xxu||||| |||| 00| 0 sin d | ||
| 041 | _asin | ||
| 080 |
_aX8S31 _bWID |
||
| 100 | _aWidanaarachchi, Gunathunga Yatiyana | ||
| 245 | _aදෑ විලේ පිපි මලක් | ||
| 246 | _aDaee Wilee Pipi Malak | ||
| 260 |
_bSarasavi _aNugegoda _c2010 |
||
| 300 | _a250p., 21 cm | ||
| 942 | _cBK | ||
| 999 |
_c73435 _d73435 |
||
| 003 | LK-CoDNM | ||
| 040 |
_aLK-CoDNM _dLK-CoDNM _eLK-CoDNM |
||